| 000 | 01449nam0a2200325 4500 | ||
|---|---|---|---|
| 001 | RU\NLR\bibl\491313 | ||
| 005 | 20250623195301.0 | ||
| 010 |
_a5-900037-21-5 _9300 |
||
| 021 |
_aRU _b2003-73713 _93650 |
||
| 035 | _a(NLR Aleph) 000483984 | ||
| 090 |
_a1071490 _c1071490 |
||
| 100 | _a20040216d2003 |||y0rusy50 ca | ||
| 101 | 0 | _arus | |
| 102 | _aRU | ||
| 105 | _ay ||||||||| | ||
| 200 | 1 |
_aСказки были-небылицы. Рассказы _fСветлана Одинцова |
|
| 210 |
_aЛипецк _cЛГПУ _d2003 |
||
| 215 |
_a275, [1] с. _d20 |
||
| 327 | 0 | _aСодерж.: Сказки Были-Небылицы; Рассказы: Прогулки к святому источнику; Игрушка; Зинкина любовь; У бабушки Анны на каникулах; Сонечка; Кактус; Ниночка-Самородок; Вера Макаровна из села "Двуречки"; Санитарка Валентина Ивановна и др. | |
| 686 | _aШ6(2=Р)75-440.6 | ||
| 686 | _aШ6(2=Р)75-440.5 | ||
| 700 | 1 |
_aОдинцова _bС. С. _gСветлана Салимовна _4070 |
|
| 801 | 0 |
_aRU _bNLR _c20040216 _gPSBO |
|
| 801 | 1 |
_aRU _bNLR _c20040216 |
|
| 942 | _cBOOK | ||
| 980 | _aNB | ||
| 980 | _aNBR | ||